List of Bryozoa from the vicinity of Puget Sound,

Saved in:
Bibliographic Details
Main Author: O'Donoghue, Charles Henry, 1885-
Other Authors: O'Donoghue, Elsie.
Format: Book
Language:English
Published: [Seattle, Univ. of Washington] 1925.
Series:University of Washington. Puget Sound Biological Station. Publications, v. 5
Subjects:
Tags: Add Tag
No Tags, Be the first to tag this record!
LEADER 00704nam a2200217I 4500
001 005287761-2
005 20020606095253.2
008 811012s1925 wau b s000 0 eng d
035 0 |a ocm07839865 
040 |a WAU  |c WAU  |d HMZ 
043 |a n-us-wa 
100 1 |a O'Donoghue, Charles Henry,  |d 1885- 
245 1 0 |a List of Bryozoa from the vicinity of Puget Sound,  |c [by] Charles H. O'Donoghue and Elsie O'Donoghue. 
260 |a [Seattle,  |b Univ. of Washington]  |c 1925. 
300 |a p. 91-108. 
490 0 |a University of Washington. Puget Sound Biological Station. Publications,  |v v. 5 
504 |a "References": p. 107-108. 
650 0 |a Bryozoa. 
700 1 |a O'Donoghue, Elsie. 
988 |a 20020608 
906 |0 OCLC